Dubai Tennis Championships Winners - Statistics

General Stats
  • This quiz has been taken 14 times
  • The average score is 26 of 34
Answer Stats
Year Country Winner % Correct
2026 Russia Daniil Medvedev
100%
2023 Russia Daniil Medvedev
100%
2020 Serbia Novak Djokovic
100%
2013 Serbia Novak Djokovic
100%
2011 Serbia Novak Djokovic
100%
2010 Serbia Novak Djokovic
100%
2009 Serbia Novak Djokovic
100%
2006 Spain Rafael Nadal
100%
2019 Switzerland Roger Federer
100%
2015 Switzerland Roger Federer
100%
2014 Switzerland Roger Federer
100%
2012 Switzerland Roger Federer
100%
2007 Switzerland Roger Federer
100%
2005 Switzerland Roger Federer
100%
2004 Switzerland Roger Federer
100%
2003 Switzerland Roger Federer
100%
2025 Greece Stefanos Tsitsipas
100%
2017 United Kingdom Andy Murray
93%
2008 United States Andy Roddick
93%
2016 Switzerland Stan Wawrinka
93%
2022 Russia Andrey Rublev
86%
2001 Spain Juan Carlos Ferrero
86%
2018 Spain Roberto Bautista Agut
64%
2021 Russia Aslan Karatsev
57%
1997 Austria Thomas Muster
57%
2024 France Ugo Humbert
57%
1996 Croatia Goran Ivaniševic
50%
1998 Spain Àlex Corretja
43%
2002 France Fabrice Santoro
21%
1995 South Africa Wayne Ferreira
21%
1999 France Jérôme Golmard
14%
1993 Czech Republic Karel Novácek
14%
1994 Sweden Magnus Gustafsson
14%
2000 Germany Nicolas Kiefer
14%
No matching quizzes found
Score Distribution
Percent of People with Each Score
Percentile by Number Answered
Your Score History
You have not taken this quiz